LEADER 01065nam 2200361Ia 450 001 996397056003316 005 20221108100140.0 035 $a(CKB)4940000000061760 035 $a(EEBO)2240921646 035 $a(OCoLC)9920606500971 035 $a(EXLCZ)994940000000061760 100 $a19980106d1507 uy | 101 0 $asco 135 $aurbn||||a|bb| 200 10$a[Ars minor]$b[electronic resource] 210 $a[Scotland? $cs.n.$dca. 1507?] 215 $a[2+] p 300 $aTitle suggested by STC (2nd ed.). 300 $aAttributed to Donatus by STC (2nd ed.). 300 $aImprint suggested by STC (2nd ed.). 300 $aImperfect: lacking all except 1 leaf. 300 $aReproduction of original in: University of Aberdeen. Library. 330 $aeebo-0003 606 $aLatin language$xGrammar 615 0$aLatin language$xGrammar. 700 $aDonatus$b Aelius$0186224 801 0$bEBK 801 1$bEBK 801 2$bWaOLN 906 $aBOOK 912 $a996397056003316 996 $aArs minor$92297778 997 $aUNISA LEADER 03965nam 22006375 450 001 9910743252703321 005 20260126152816.0 010 $a981-16-7238-5 010 $a981-16-7239-3 010 $a981-16-7239-3 024 7 $a10.1007/978-981-16-7239-2 035 $a(MiAaPQ)EBC6947049 035 $a(Au-PeEL)EBL6947049 035 $a(CKB)21475269300041 035 $a(PPN)262172208 035 $a(OCoLC)1310072493 035 $a(DE-He213)978-981-16-7239-2 035 $a(EXLCZ)9921475269300041 100 $a20220404d2022 u| 0 101 0 $aeng 135 $aurcnu|||||||| 181 $ctxt$2rdacontent 182 $cc$2rdamedia 183 $acr$2rdacarrier 200 10$aSmall Intestine Disease $eA Comprehensive Guide to Diagnosis and Management /$fedited by Hoon Jai Chun, Sang-Yong Seol, Myung-Gyu Choi, Joo Young Cho 205 $a1st ed. 2022. 210 1$aSingapore :$cSpringer Nature Singapore :$cImprint: Springer,$d2022. 215 $a1 online resource (265 pages) 225 1 $aMedicine Series 311 08$aPrint version: Chun, Hoon Jai Small Intestine Disease Singapore : Springer Singapore Pte. Limited,c2022 9789811672385 320 $aIncludes bibliographical references and index. 327 $a1. Anatomy and physiology of small intestine -- 2. Epidemiology of small intestinal disease -- 3. Symptoms and signs of small intestinal disease -- 4. Diagnostic modalities for small intestinal disease -- 5. Capsule endoscopy -- 6. Device assisted small bowel endoscopy -- 7. Radiology (CT/MR enteroscopy) -- 8. Nuclear medicine and others -- 9. Clinical manifestations of small intestinal disease -- 10. Obscure GI bleeding -- 11. Vascular lesions -- 12. Crohn?s disease -- 13. Other inflammatory lesions -- 14. NSAID enteropathy -- 15. Intestinal tuberculosis -- 16. Behcet? disease -- 17. Meckel?s diverticulum -- 18. Cryptogenic Multifocal Ulcerous Stenosing Enteritis -- 19. Celiac disease -- 20. Peutz-Jeghers syndrome -- 21. Adenocarcinoma -- 22. Lymphoma -- 23. GIST -- 24. Primary lymphangiectasia. 330 $aThis book covers all aspects of small intestinal disease with the aim of providing an up-to-date reference of the highest quality that will assist in everyday clinical practice. After introductory chapters on anatomy, pathophysiology, epidemiology, and signs and symptoms, the roles of different imaging modalities in the diagnosis of small intestinal disease are clearly explained, focusing particularly on capsule endoscopy, device-assisted enteroscopy, CT and MR enterography, and nuclear medicine techniques. A series of chapters then address each of the diseases and conditions that may be encountered. The coverage is wide ranging, including, for example, obscure gastrointestinal bleeding, Crohn?s disease and other inflammatory conditions, celiac disease, Behçet?s disease, Meckel?s diverticulum, intestinal tuberculosis, and various malignancies. Numerous informative clinical cases are presented to identify characteristic imaging findings and assist in treatment decision making. Small intestinal disease continues to represent a significant challenge. The scope and detail of this book will make it an invaluable asset for gastroenterologists and other clinicians. 410 0$aMedicine Series 606 $aInternal medicine 606 $aRadiology 606 $aInternal Medicine 606 $aRadiology 606 $aMalalties intestinals$2thub 606 $aIntestí prim$2thub 608 $aLlibres electrònics$2thub 615 0$aInternal medicine. 615 0$aRadiology. 615 14$aInternal Medicine. 615 24$aRadiology. 615 7$aMalalties intestinals 615 7$aIntestí prim 676 $a616.3307 702 $aChun$b Hoon Jai 801 0$bMiAaPQ 801 1$bMiAaPQ 801 2$bMiAaPQ 906 $aBOOK 912 $a9910743252703321 996 $aSmall intestine disease$93559583 997 $aUNINA